Školské stravovanie v USA

Funkcia štátu pri zabezpečovaní školského stravovania v USA, jeho monitorovanie a kontrolovanie ministerstvom školstva osobitne v každom štáte. Funkcia školských správ, ktoré sú v jednotlivých štátoch USA rôzne organizované. Odbory školského stravovania a ich činnosť.

Bibliographic Details
Main Author: Matustik, Pavel (Author)
Format: Article
Language:Slovak
Subjects:

MARC

LEADER 00000nab a2200000 a 4500
001 vtls001507918
003 SK-MaSNL
005 20260304052011.0
008 050227s2000 xo 000 0 slo
035 |a SPKCL10245 
040 |a SPKCL  |b slo  |c SNKBUCL  |d ÚIP-SPK(EK)  |e AACR2 
041 |a slo 
044 |a xo  |c SK 
080 |a 371.217.2(73)  |2 1981 
100 1 |a Matustik, Pavel  |4 aut  |9 1334775 
245 1 0 |a Školské stravovanie v USA  |c Pavel Matustik 
520 |a Funkcia štátu pri zabezpečovaní školského stravovania v USA, jeho monitorovanie a kontrolovanie ministerstvom školstva osobitne v každom štáte. Funkcia školských správ, ktoré sú v jednotlivých štátoch USA rôzne organizované. Odbory školského stravovania a ich činnosť. 
651 7 |a Spojené štáty americké  |2 snkbucl  |9 18262 
773 1 |t Rodina a škola : Mesačník pre rodičov a učiteľov  |g Roč. 48, č. 3 (2000) s. 31. Dokonč 
850 |a Slovenská pedagogická knižnica Bratislava 
852 |a SPKCL  |b KIS3GCP  |b 000710000  |n SK 
999 |c 2705967  |d 2707897